000 00921namaa2200301 cb4500
001 BV005305351
003 DE-70
005 20251223140911.0
006 m|||| o||u| ||||||
007 tu
007 7
008 920527s1980 a||| |||| 00||| und d
020 _a9783847017905
_9978-3-8470-1790-5
024 _a9783847017905
_a978-3-8470-1790-5
040 _cRU-10907106
041 _ager
100 _aKnoth, Ina
_4aut
_968165
245 _aSinne und Sinn der Vorstellungskraft
_bMusikhören in England Zwischen 1660 Und 1750
264 _aG©·ottingen
_bV&R Unipress
_c202
300 _a670 Seiten
336 _2rdacontent
_aText
_btxt
337 _2rdamedia
_aComputermedien
_bbc
338 _2rdacarrier
_aOnline Ressource
_bcr
490 0 _aAbhandlungen zur Musikgeschichte
_v32
500 _aE-Book / Zugriff nur im Lesesaal
856 _zVolltext
_uhttps://doi.org/10.14220/9783737017909
942 _cEB
_2z
999 _c73561
_d73561